000 00777nam a2200253 a 4500
008
020 _a0942364406 (pbk.)
049 _aMAIN
090 _aRC607.A26
_bGRA
100 1 _aGranich, Reuben.
245 1 0 _aHIV, health and your community :
_ba guide for action /
_cReuben Granich [and] Jonathan Mermin.
260 _aBerkeley :
_bThe Hesperian Foundation,
_c2001.
300 _avii, 247 p. :
_bill. ;
_c26 cm.
504 _aIncludes bibliographical references.
500 _aincludes Index.
650 _aCommunity health aids.
650 1 _aAids.
700 _aMermin, Jonathan.
907 _a.b1027053x
_b31-12-10
_c26-10-09
003
005 20230120204023.0
040 _cNUST
942 _cBOOKS
_kRC607.A26
_mGRA
999 _c115684
_d115684